000 01309nam a22003737a 4500
001 0027286
003 KOHA_MİRAKIL
005 20260207002552.0
007 ta
008 160125b2010 tu |||grd|||#0|||0|ger |
020 _a9783941897342
_q9789756311172
040 _aTR-BiSEU
_btur
_cTR-BiSEU
_erda
041 0 _aeng
_ager
044 _ctu
050 _aT9
_b.T45 2010
240 1 0 _aTeknik terimler sözlüğü
_lİngilizce
245 0 _aFachwörterbuch =
_bTechnical dictionary =
_bTeknik terimler sözlüğü/
_cTürkiye Belediyeler Birliği.
264 1 _aAnkara :
_bTürkiye Belediyeler Birliği
_c2010
300 _a520 sayfa ;
_c30 cm.
336 _ametin
_btxt
_2rdacontent
337 _aaracısız
_bn
_2rdamedia
338 _acilt
_bnc
_2rdacarrier
500 _aDeutsch-English-Turkish,
500 _aEnglish-Turkish-German,
500 _aTürkçe-Almanca-İngilizce olarak 3 dilde hazırlanmıştır.
650 0 _aTechnology--Dictionaries.
_928698
650 0 _aGerman language--Dictionaries--Turkish.
_93473
650 0 _aGerman language--Dictionaries--English.
_954084
650 0 _aTechnology--Dictionaries--Turkish.
_954085
650 0 _aTechnology--Dictionaries--English.
_954086
650 0 _aScience--Dictionaries--Turkish.
_954087
907 _aSözlük
942 _2lcc
_cBK
999 _c27220
_d27220